| 000 | 00765nam a22001577a 4500 | ||
|---|---|---|---|
| 003 | OSt | ||
| 005 | 20151202141711.0 | ||
| 008 | 151202b xxu||||| |||| 00| 0 eng d | ||
| 040 | _cRUA | ||
| 082 | _aFIS TAO 2002 B174 Or.1 | ||
| 100 |
_94139 _aTAO, SOTHEA. |
||
| 245 | _aThe effect of using ingredient feed and beer waste on the growth and the survial rate of barbod gonionotus cultured in hapa, ឥទ្ធិពលនៃការប្រើប្រាស់ចំណីផ្សំ និងកាកស្របៀរទៅលើអត្រារស់ និងអត្រាការលូតលាស់ត្រីឆ្ពឹននៅក្នុងហាប៉ា | ||
| 260 |
_aPhnom Penh _bRUA _c2002 |
||
| 300 |
_a43p. _bill. _c29cm. |
||
| 942 |
_2ddc _cFIS |
||
| 999 |
_c3852 _d3852 |
||